000
00305nam a2200109Ia 4500
005
20251222144813.0
008
251222s9999||||xx |||||||||||||| ||spa||
082
_a
370.78/R75
100
_a
Rodríguez Arainga, Walabonzo
245
0
_a
Procedimientos y Técnicas de Investigación en Educación
942
_c
LIB
999
_c
20185
_d
20185